Dimensions of Filipino employers' attitudes in hiring persons with disability/ (Record no. 3819)
[ view plain ]
| 000 -LEADER | |
|---|---|
| fixed length control field | 01013nam a2200241 4500 |
| 008 - FIXED-LENGTH DATA ELEMENTS--GENERAL INFORMATION | |
| fixed length control field | 160811b xxu||||| |||| 00| 0 eng d |
| 022 ## - INTERNATIONAL STANDARD SERIAL NUMBER | |
| International Standard Serial Number | 01153153 |
| 082 ## - DEWEY DECIMAL CLASSIFICATION NUMBER | |
| Classification number | DPer 150.5 P53 June-Dec 2014 v. 47 n. 1 & 2 |
| 100 ## - MAIN ENTRY--PERSONAL NAME | |
| 9 (RLIN) | 12704 |
| Personal name | Gatchalian, Edelyn Marie C. |
| 243 ## - COLLECTIVE UNIFORM TITLE | |
| Unifor title | <a href="Philippine journal of psychology">Philippine journal of psychology</a> |
| 245 ## - TITLE STATEMENT | |
| Title | Dimensions of Filipino employers' attitudes in hiring persons with disability/ |
| Statement of responsibility, etc. | Edelyn Marie C. Gatchalian [and six others]. |
| 260 ## - PUBLICATION, DISTRIBUTION, ETC. (IMPRINT) | |
| Place of publication, distribution, etc. | Quezon City: |
| Name of publisher, distributor, etc. | Psychological Association of the Philippines, |
| Date of publication, distribution, etc. | ©2014. |
| 300 ## - PHYSICAL DESCRIPTION | |
| Extent | v47 n2, pages 27-64; |
| Dimensions | 24 cm. |
| 500 ## - GENERAL NOTE | |
| General note | Philippine Journal of Psychology |
| 650 #0 - SUBJECT ADDED ENTRY--TOPICAL TERM | |
| 9 (RLIN) | 12705 |
| Topical term or geographic name as entry element | Employment |
| 700 ## - ADDED ENTRY--PERSONAL NAME | |
| 9 (RLIN) | 40910 |
| Personal name | Bulahao, James Peign N. |
| Relator term | Author. |
| 700 ## - ADDED ENTRY--PERSONAL NAME | |
| 9 (RLIN) | 40911 |
| Personal name | Boyayao, Filam Grace. |
| Relator term | Author. |
| 700 ## - ADDED ENTRY--PERSONAL NAME | |
| 9 (RLIN) | 40912 |
| Personal name | Cataina, Michelle M. |
| Relator term | Author. |
| 700 ## - ADDED ENTRY--PERSONAL NAME | |
| 9 (RLIN) | 40913 |
| Personal name | Cumilang, Janice S. |
| Relator term | Author. |
| 700 ## - ADDED ENTRY--PERSONAL NAME | |
| 9 (RLIN) | 40914 |
| Personal name | Dulnuan, Jovie Ann G. |
| Relator term | Author. |
| 700 ## - ADDED ENTRY--PERSONAL NAME | |
| 9 (RLIN) | 40915 |
| Personal name | Salaguban, Patricia Paola. |
| Relator term | Author. |
| 942 ## - ADDED ENTRY ELEMENTS (KOHA) | |
| Source of classification or shelving scheme | Dewey Decimal Classification |
| Koha item type | Periodicals |
| Withdrawn status | Lost status | Source of classification or shelving scheme | Damaged status | Not for loan | Collection code | Home library | Current library | Date acquired | Total Checkouts | Full call number | Date last seen | Price effective from | Koha item type | Public note |
|---|---|---|---|---|---|---|---|---|---|---|---|---|---|---|
| Dewey Decimal Classification | Periodicals | UM Digos College - LIC | UM Digos College - LIC | 08/11/2016 | DPer 150.5 P53 June-Dec 2014 v. 47 n. 1 & 2 | 08/11/2016 | 08/11/2016 | Periodicals | Periodical article |
